000 01482nam a2200397 c 4500
999 _c75326
_d75326
003 BLK
005 20250321120304.0
008 180408b bul|||||r ||||||| ||bul||
010 _aKNG00079739000
020 _a954-300-061-1
040 _aBLK
041 _aBUL
_cBUL
080 _aЛитература в основното училище. Методика на обучението
_b373.3.016:821
_z373.3.016:821
100 1 _aИванова, Нели Стоянова
_eпърви автор
_9363475
139 _aИванова, Нели Стоянова
_bИ 22
245 1 0 _aМетодика на литературното образование в І - ІV клас
_cНели Стоянова Иванова.
257 _aBGR
260 _bГея-Либрис
_c2005
_aСофия
300 _a224 с.
_c21 см
380 _a3
500 _aОфс. изд. - Библиогр. с. 218-223.
504 _a218-223
650 4 _aЛитература - методика на преподаването - за основни училища
_9249254
653 _aлитература
653 _aметодика на преподаването
653 _aІ кл. - ІV кл.
653 _aосновни училища
852 _aЦб 237242
856 4 _qpdf
856 4 _qpdf
942 _cKNG
_n0
_026
_s1
944 _aCR
_c27.11.2007
_k30575
_lМартин Енчев
944 _aED
_c10.05.2008
999 _d75326
999 _d75326